Numerical studies on the dissipation behaviour of elastomers and its effect on the applied loading conditions (Record no. 75280)

MARC details
000 -LEADER
fixed length control field 00536nam a22001697a 4500
100 ## - MAIN ENTRY--AUTHOR NAME
Personal name Amdelmoniem, M
245 ## - TITLE STATEMENT
Title Numerical studies on the dissipation behaviour of elastomers and its effect on the applied loading conditions
260 ## - PUBLICATION, DISTRIBUTION, ETC. (IMPRINT)
Name of publisher Kautschuk Gummi Kunststoffe, 76(3): 2023. 56-61.
300 ## - PHYSICAL DESCRIPTION
Other physical details June
650 ## - SUBJECT ADDED ENTRY--TOPICAL TERM
Topical Term Polyoxymethylene
650 ## - SUBJECT ADDED ENTRY--TOPICAL TERM
Topical Term Mechanical dissipation
650 ## - SUBJECT ADDED ENTRY--TOPICAL TERM
Topical Term Finite viscoelasticity
650 ## - SUBJECT ADDED ENTRY--TOPICAL TERM
Topical Term Thermomechanical coupling
650 ## - SUBJECT ADDED ENTRY--TOPICAL TERM
Topical Term Rotating shear loading
700 ## - ADDED ENTRY--PERSONAL NAME
Personal name Yagimli, B
942 ## - ADDED ENTRY ELEMENTS (KOHA)
Koha item type Journals
Holdings
Withdrawn status Lost status Damaged status Not for loan Home library Current library Date acquired Koha item type
        RRII Library RRII Library 24/05/2024 Journals